Státní dluh a inflace.

Východiská dynamickej verzie statického modelu Darby (1985), použitého pre analýzu problému. Vládne rozpočtové obmedzenia, jednoduchý dynamický model ponukovej strany ekonomiky. Scenáre inflačného vývoja a jednoduchý kvantitatívny príklad. Deficit štátneho rozpočtu pri nízkej úrokovej sadzbe. Vplyv...

Descrizione completa

Salvato in:
Dettagli Bibliografici
Autore principale: Bulíř, Aleš
Natura: Capitolo di libro
Lingua:ceco
Soggetti:
Tags: Aggiungi Tag
Nessun Tag, puoi essere il primo ad aggiungerne!!

MARC

LEADER 00000naa a2200000 4500
001 r012529
005 20220826094830.0
041 0 |a cze 
044 |a CZ 
245 1 0 |a Státní dluh a inflace.  |c A. Bulíř 
520 |a Východiská dynamickej verzie statického modelu Darby (1985), použitého pre analýzu problému. Vládne rozpočtové obmedzenia, jednoduchý dynamický model ponukovej strany ekonomiky. Scenáre inflačného vývoja a jednoduchý kvantitatívny príklad. Deficit štátneho rozpočtu pri nízkej úrokovej sadzbe. Vplyv deficitu na príjmy z emisie obligácií a ich závislosť na reakcii úrokových sadzieb, resp. dopytu po obligáciách pri daných úrokových sadzbách a raste dôchodku. 
610 2 0 |a dlhy štátne 
610 2 0 |a inflácia 
610 2 0 |a modely dynamické 
610 2 0 |a sadzby úrokové 
610 2 0 |a deficit 
610 2 0 |a rozpočet štátny 
610 2 0 |a obligácie 
610 2 0 |a príjmy 
100 1 |a Bulíř, Aleš